| 000 | 00763nmm a2200289 a 4500 | ||
|---|---|---|---|
| 003 | AR-BaBNM | ||
| 005 | 20251128211406.0 | ||
| 008 | 244020s1996 ||||||||||||||000 | spa|| | ||
| 020 | _a0-521-40718-4 | ||
| 040 | _cAR-BaBNM | ||
| 100 | 1 | _aRoach, Peter | |
| 245 | 1 | 0 |
_aEnglish phonetics and phonology _ba practical course |
| 250 | _a2nd ed. | ||
| 260 |
_aCambridge _bCambridge University Press _c1996 |
||
| 300 | _ax, 262 p. | ||
| 500 | _aContiene índice analítico | ||
| 504 | _aContiene referencias bibliográficas | ||
| 650 | 4 | _aINGLES | |
| 650 | 4 | _aLENGUAS GERMANICAS | |
| 650 | 4 | _aGRAMATICA | |
| 650 | 4 | _aFONETICA | |
| 650 | 4 | _aFONOLOGIA | |
| 650 | 4 | _aMORFOLOGIA [LINGUISTICA] | |
| 650 | 4 | _aLINGUISTICA | |
| 942 | _cBK | ||
| 998 | _cmartin | ||
| 999 |
_c19489 _d19489 |
||